000 00419cam a2200181 4500
001 D12430
008 090401t1913 xxu||||| |||| 00| 0 eng d
035 _a(Sirsi) u3459
041 _aeng
100 _aClose, C. F.
245 _aTextbook of topographical and geographical surveying
250 _a2nd
260 _aLondon
_bHMSO
_c1913
350 _a0
520 _aShelf 177
942 _n0
948 _c04/03/1997
999 _c85884
_d85884